Länder, die mit einem Vokal enden - Statistiken

Allgemein
  • Dieses Quiz wurde 958 mal gespielt
  • Das Durchschnittsergebnis liegt bei 69 aus 84
Antwortstatistiken
Länder % Korrekt
Asien C China
95%
Afrika G Guinea
92%
Amerika C Chile
91%
Europa A Andorra
90%
Afrika E Eritrea
90%
Ozeanien F Fidschi
90%
Afrika U Uganda
90%
Afrika A Angola
88%
Afrika Ä Äquatorialguinea
88%
Afrika G Ghana
88%
Amerika J Jamaika
88%
Afrika K Kenia
88%
Afrika R Ruanda
88%
Amerika H Haiti
87%
Amerika K Kuba
87%
Afrika M Mali
87%
Afrika N Namibia
87%
Afrika T Togo
87%
Amerika V Venezuela
87%
Afrika G Gambia
86%
Amerika K Kanada
86%
Afrika K Kongo, Demokratische Republik
86%
Afrika K Kongo, Republik
86%
Amerika M Mexiko
86%
Afrika G Guinea-Bissau
85%
Afrika N Nigeria
85%
Amerika P Panama
85%
Amerika P Peru
85%
Amerika G Guatemala
84%
Europa M Malta
84%
Afrika M Marokko
84%
Asien N Nordkorea
84%
Afrika S Sambia
84%
Asien S Südkorea
84%
Europa U Ukraine
84%
Amerika U Uruguay
84%
Amerika C Costa Rica
83%
Afrika D Dschibuti
83%
Europa M Monaco
83%
Amerika N Nicaragua
83%
Afrika S Südafrika
83%
Afrika T Tansania
83%
Afrika L Liberia
82%
Amerika P Paraguay
82%
Europa S Slowakei
82%
Ozeanien T Tonga
82%
Asien B Brunei
81%
Amerika D Dominica
81%
Amerika G Guyana
81%
Ozeanien P Palau
81%
Europa S San Marino
81%
Afrika S Somalia
81%
Afrika B Burundi
80%
Ozeanien K Kiribati
80%
Europa K Kosovo
80%
Afrika L Lesotho
80%
Asien M Mongolei
80%
Ozeanien V Vanuatu
80%
Amerika A Antigua und Barbuda
79%
Asien M Malaysia
79%
Ozeanien N Nauru
79%
Europa N Niederlande
79%
Ozeanien S Samoa
79%
Afrika S Simbabwe
79%
Ozeanien T Tuvalu
79%
Amerika B Belize
78%
Amerika G Grenada
78%
Europa M Montenegro
78%
Afrika B Botswana
76%
Ozeanien P Papua-Neuguinea
76%
Amerika S St. Lucia
76%
Asien T Türkei
75%
Afrika E Elfenbeinküste
74%
Afrika B Burkina Faso
73%
Amerika S Suriname
73%
Afrika M Malawi
72%
Asien S Sri Lanka
72%
Asien K Kambodscha
71%
Afrika K Kap Verde
70%
Afrika S Sao Tome und Principe
69%
Amerika T Trinidad und Tobago
69%
Asien V Vereinigte Arabische Emirate
68%
Europa B Bosnien und Herzegowina
67%
Afrika S Sierra Leone
67%
Keine übereinstimmenden Quizze gefunden
Verteilung der Resultate
Anzahl Personen mit jedem Resultat
Perzentil nach korrekt beantworteten Fragen
Ihre Resultats-Entwicklung
Sie haben dieses Quiz noch nicht gespielt